000 004210000a22001690004500
003 MACL
005 20160227114323.0
008 160227b xxu||||| |||| 00| 0 eng d
040 _aMACL
_cMACL
041 _aHindi
082 _a800
100 _aकन्‍हैयालाल सहल
_940790
245 _aदृष्टि कोण
350 _a15
650 _aLiteracture
_939932
942 _cHIN
_k800
_2ddc
999 _c26957
_d26957